PC Learning Labs Teaches Microsoft Visual Basic 4.0 (Record no. 299501)
[ view plain ]
| 000 -LEADER | |
|---|---|
| fixed length control field | 00288 a2200121 4500 |
| 001 - CONTROL NUMBER | |
| control field | 64428 |
| 082 ## - DEWEY DECIMAL CLASSIFICATION NUMBER | |
| Classification number | 005.133 SCO |
| 090 ## - LOCALLY ASSIGNED LC-TYPE CALL NUMBER (OCLC); LOCAL CALL NUMBER (RLIN) | |
| -- | 38057 |
| -- | 38057 |
| 100 ## - MAIN ENTRY--PERSONAL NAME | |
| Personal name | Scoll, R.P |
| 245 ## - TITLE STATEMENT | |
| Title | PC Learning Labs Teaches Microsoft Visual Basic 4.0 |
| 260 ## - PUBLICATION, DISTRIBUTION, ETC. | |
| Date of publication, distribution, etc. | BPB Publications |
| 300 ## - PHYSICAL DESCRIPTION | |
| Extent | 336p |
| 942 ## - ADDED ENTRY ELEMENTS (KOHA) | |
| Institution code [OBSOLETE] | CAE NUST |
| Call number prefix | 005.133 SCO |
| Withdrawn status | Lost status | Damaged status | Not for loan | Collection code | Permanent Location | Current Location | Date acquired | Total Checkouts | Full call number | Barcode | Date last seen | Price effective from | Koha item type |
|---|---|---|---|---|---|---|---|---|---|---|---|---|---|
| College of Aeronautical Engineering (CAE) | College of Aeronautical Engineering (CAE) | 04/03/2017 | 005.133 SCO | CAEG-5217 | 04/05/2017 | 04/05/2017 | Book |
